| 000 | 00678cam a2200193 i 4500 | ||
|---|---|---|---|
| 005 | 20251203095645.0 | ||
| 008 | 250721s2011 jo gr 000 0 ara d | ||
| 082 | 1 | 4 |
_a214.1 _bس ع ي |
| 100 | 1 |
_aسعيد، همام عبد الرحيم _eمؤلف. |
|
| 245 | 1 | 0 |
_aقواعد الدعوة إلى الله جل جلاله / _cالدكتور همام سعيد. |
| 250 | _aالطبعة الاولى. | ||
| 264 | 1 |
_aعمان : _bدار الفرقان للطباعة والنشر، _c2011. |
|
| 300 | _a197 صفحة. | ||
| 650 | 1 | 7 | _aالشريعة الإسلامية. |
| 650 | 1 | 7 | _aالديانات. |
| 650 | 1 | 7 | _aالله |
| 942 |
_2ddc _cBK |
||
| 999 |
_c124139 _d124139 |
||